000 00883nam a2200253Ia 4500
003 OSt
005 20221005103120.0
006 a|||||r|||| 00| 0
007 ta
008 221004b |||||||| |||| 00| 0 hin d
024 _a32713
037 _cTextual
040 _aCRL
_cCRL
_bhin
041 _2hin
_ahin
082 _aO15,1F75,1:g, 152K0
100 _aशुक्ल, चण्डिकाप्रसाद
245 0 _aनैषध-परिशीलन
246 _aNaiṣhadha-parishīlana
260 _aइलाहाबाद
_bहिन्दुस्तानी एकेडेमी भारत
_c1960
300 _a560पृ.
_ccm.
650 _aसंस्कृत साहित्य
942 _hO15,1F75,1:g, 152K0
_cTEXL
_2cc
999 _c1009479
_d1009479